| 000 | 00328 a2200121 4500 | ||
|---|---|---|---|
| 000 | nam a22 7a 4500 | ||
| 005 | 20260207162436.0 | ||
| 020 | _a9788120843684 | ||
| 100 |
_aTushar Choksi _91114401 |
||
| 245 | _aVedic and Yogic Meditations Based on the Bhagavad Gita | ||
| 260 |
_bMotilal Banarsidass _c2024 |
||
| 942 | _cTEXL | ||
| 999 |
_c1678945 _d1678945 |
||